| 000 | 01201cam a22003377a 4500 | ||
|---|---|---|---|
| 003 | CHAP | ||
| 005 | 20220329133834.0 | ||
| 008 | 971013s1988 r 00010 d | ||
| 010 | _a11625 | ||
| 011 | _a12597 | ||
| 035 | _a15783 | ||
| 040 | _cCHAP | ||
| 090 | _aTesis | ||
| 100 | 0 | 0 |
_aMorales Torres, Georgina. _978428 |
| 245 | 0 | _aInducción de variabilidad genética en tres caracteres cuantitativos de maíz con irradiación recurrente de rayos gamma de Co60 | |
| 260 |
_aMontecillo, Méx. : _bEl autor, _c1988 |
||
| 300 |
_a91 h. _b: ilus. |
||
| 502 | _aTesis (Maestro en Ciencias Esp. en Genética) -- CP. Centro de Genética | ||
| 590 |
_aALEPH _b10 _c20130110 _lUCH01 _h1229 |
||
| 590 |
_aBATCH-UPD _b10 _c20130110 _lUCH01 _h1718 |
||
| 590 |
_aBATCH-UPD _b10 _c20130410 _lUCH01 _h1103 |
||
| 590 |
_aBATCH-UPD _b10 _c20130914 _lUCH01 _h1748 |
||
| 590 |
_aCONVERSION _b10 _c20130109 _lUCH01 _h1308 |
||
| 650 | 1 | 4 |
_aMaíz _xGenética. _970963 |
| 650 | 1 | 4 |
_aRadiación _xEfecto en cereales. _993667 |
| 650 | 1 | 4 |
_aRayos gamma _xEfectos fisiológicos. _994860 |
| 901 | _aBK | ||
| 942 | _cFOLL | ||
| 949 |
_bBC _cTES _d-27992 _eTS1 _h20568 _i15783 _si |
||
| 949 |
_bBC _cTES _d-88660 _eTS2 _fc.2 _h20569 _i15783 _si |
||
| 999 |
_c11625 _d11625 |
||